Praktikum der pflanzenanatomie /

Guardado en:
Autor Principal: Biebl, Richard.
Otros Autores: Germ, Hermann, 1905-
Formato: Libro
Idioma:German
Publicado: Wien : Springer, 1950.
Etiquetas: Agregar Etiqueta
Sin Etiquetas, Sea el primero en etiquetar este registro!
LEADER 00466nam a22001455a 4500
001 EEA.libagro001086
005 20141215133915.0
008 130809s1950####gw#a##########000#0#ger#d
082 0 4 |a 581.4 
100 1 |a Biebl, Richard. 
245 1 0 |a Praktikum der pflanzenanatomie /  |c von Richard Biebl und Hermann Germ. 
260 |a Wien :  |b Springer,  |c 1950. 
300 |a vi, 220 p. :  |b il. ;  |c 23 cm. 
700 1 |a Germ, Hermann,  |d 1905- 
859 |a AR-BbBCA  |b BIB. AGRONOMIA  |h 581.4  |i B586  |p 1962/0043